Bookworm short stories 36
| Format: | Book |
|---|---|
| Published: |
Singapore :
Bookworm ,
1992
|
| Series: | Bookworm
|
| Subjects: |
MARC
| LEADER | 00000cam a2200000 7i4500 | ||
|---|---|---|---|
| 001 | 0000008658 | ||
| 002 | 000009436 | ||
| 005 | 20011127.0 | ||
| 020 | |a 9813051167 | ||
| 090 | 0 | 0 | |a JF |b BOO |
| 245 | 1 | 0 | |a Bookworm short stories 36 |
| 260 | |a Singapore : |b Bookworm , |c 1992 | ||
| 300 | |a 75p. : |b ill. ; |c 21cm. | ||
| 490 | 0 | |a Bookworm | |
| 650 | 0 | 0 | |a Children's stories |
| 999 | |a 047061 |b BUKU |c PINJAMAN |e PERPUSTAKAAN KOMUNITI PETALING JAYA | ||
| 999 | |a 050762 |b BUKU |c PINJAMAN |e PERPUSTAKAAN KOMUNITI PETALING JAYA | ||
| 999 | |a 050763 |b BUKU |c PINJAMAN |e PERPUSTAKAAN KOMUNITI PETALING JAYA | ||